000 00624nam a2200181 i 4500
001 21023
003 ES-MaACL
005 20230906152414.0
007 t|
008 021120s1936 phl ||||1| eng d
100 1 _aAfrica, Cándido M.
_918519
245 1 0 _aSomatic Heterophyidiasis in fish-cating birdo II presence of adults and eggs in the bileducts of the cattle egret /
_cby Cándido M. Africa, Walfredo de León, Eusebio J. García.
260 _aManila :
_b[s.n.],
_c1936.
300 _a7 p., 2 lám.
700 1 _aGarcia, Eusebio J.
_954018
700 1 _aLeón, Walfredo de.
_971599
852 _aES-MaACL
_j1823-F-15
999 _c21023
_d21023